| 000 | 00741nam a2200217Ia 4500 | ||
|---|---|---|---|
| 005 | 20251020182537.0 | ||
| 008 | 200515s9999 xx 000 0 und d | ||
| 082 | _a725.5/L13 | ||
| 100 | _aLABRYGA, Franz | ||
| 245 | 0 | _aProyecto y planificación | |
| 260 | _aBarcelona | ||
| 260 | _c1975 | ||
| 300 | _a137 | ||
| 500 | _a1 ejemplar | ||
| 520 | _aLas monografías de la colección Proyecto y Planificación son una selección de ejemplos internacionales de edificaciones adecuadas a la filosofía de diferentes y flexibles, capaces de amoldarse a nuevas circunstancias y a nuevos planteamientos. Este número | ||
| 650 | _aCENTROS DE REHABILITACION | ||
| 650 | _aHOSPITALES | ||
| 650 | _aLIB | ||
| 650 | _aPROYECTOS | ||
| 942 | _cLIB | ||
| 999 |
_c2278 _d2278 |
||